| 000 | 00328nam a2200109Ia 4500 | ||
|---|---|---|---|
| 008 | 171205s9999 xx 000 0 und d | ||
| 020 | _a9780081006269 | ||
| 100 | _aMcAvinia, Claire. | ||
| 245 |
_cClaire McAvinia _aOnline Learning and its Users Lessons for Higher Education |
||
| 260 |
_bElsevier Ltd. _c2016 |
||
| 300 | _a243 pages | ||
| 999 |
_c347422 _d347422 |
||